000
00406nam a2200133Ia 4500
008
151001s9999||||xx |||||||||||||| ||und||
100
_a
सूर्यकांता अजमेरा
245
_a
महात्मा गांधीजींची विचाधारा
250
_a
1
260
_b
अथर्व प्रकाशन
260
_c
2011
300
_a
200
365
_b
21
999
_c
1000236
_d
1000233